| 000 | 00611 a2200229 4500 | ||
|---|---|---|---|
| 005 | 20240710154311.0 | ||
| 008 | 240710b |||||||| |||| 00| 0 eng d | ||
| 020 |
_a9788183612050 _cRs. 5550.00 |
||
| 040 | _aMAIN | ||
| 082 |
_aB _bA16A |
||
| 100 | _aAmbedkar, Bheemrao Ramji | ||
| 245 | _aAur Babasaheb Ambedkar ne kaha. 6V | ||
| 260 |
_bRadhakrishan Prakashan _c2023 _aDelhi |
||
| 300 | _a258 | ||
| 650 | _aBiography-Ambedkar, B R | ||
| 650 | _aSociolist Ideology | ||
| 650 | _aCongress Party | ||
| 650 | _aEducation | ||
| 650 | _aIndian Revolution | ||
| 650 | _aHinduism-Buddhism | ||
| 942 | _cBK | ||
| 999 |
_c309105 _d309105 |
||